000 00528nam a22001097a 4500
008 110628t xxu||||| |||| 00| 0 eng d
010 _aHCMAF106
245 _aHigh Court (Commercial Court Division) HCT-00-CC-MA-0532 OF 2004 (Arising from HCT-00-CC-CS-0763-1994) Kampala International Trading Company Ltd Vs Kampala City Council
260 _c2004
500 _aBEFORE: THE HONOURABLE MR. JUSTICE FMS EGONDA-NTENDE
999 _c4282
_d4282